Ibong Adarna : (Record no. 292295)
[ view plain ]
| 000 -LEADER | |
|---|---|
| fixed length control field | 00446nam a2200169Ia 4500 |
| 008 - FIXED-LENGTH DATA ELEMENTS--GENERAL INFORMATION | |
| fixed length control field | 160319s9999 xx 000 0 und d |
| 020 ## - INTERNATIONAL STANDARD BOOK NUMBER | |
| International Standard Book Number | 9714204224 |
| 050 ## - LIBRARY OF CONGRESS CALL NUMBER | |
| Item number | B697i 2004 |
| 100 ## - MAIN ENTRY--PERSONAL NAME | |
| Personal name | Bonachita, Maricel M. |
| 245 ## - TITLE STATEMENT | |
| Title | Ibong Adarna : |
| 245 ## - TITLE STATEMENT | |
| Remainder of title | mga gawain / |
| 245 ## - TITLE STATEMENT | |
| Statement of responsibility, etc | Maricel M. Bonachita, Arlene A. Ramos. |
| 260 ## - PUBLICATION, DISTRIBUTION, ETC. (IMPRINT) | |
| Name of publisher, distributor, etc | Trinitas Publishing Inc, Inc. |
| 260 ## - PUBLICATION, DISTRIBUTION, ETC. (IMPRINT) | |
| Date of publication, distribution, etc | 2004 |
| 300 ## - PHYSICAL DESCRIPTION | |
| Extent | 147 pages : |
| 700 ## - ADDED ENTRY--PERSONAL NAME | |
| Personal name | Ramos, Arlene A. |
| Withdrawn status | Lost status | Damaged status | Home library | Current library | Shelving location | Date acquired | Total Checkouts | Full call number | Barcode | Date last seen | Price effective from | Koha item type |
|---|---|---|---|---|---|---|---|---|---|---|---|---|
| Stonyhurst Southville International School (Batangas) | Stonyhurst Southville International School (Batangas) | Filipiniana Section | 03/19/2016 | Fic B697i 2004 | US 0530 | 03/19/2016 | 03/19/2016 | Books |